| 000 | 00923cam a22001934a 4500 | ||
|---|---|---|---|
| 005 | 20250605163959.0 | ||
| 008 | 250528s ||||||||||||||||||||||||d | ||
| 035 | _a15577 | ||
| 020 | _a471926280 | ||
| 040 |
_aGR-AtMCL _bgre _dGR-AtMCL _eAACR2 |
||
| 245 | 1 | _aStrategies for Software Engineering / The Management of Risk and Quality | |
| 260 |
_bJohn Wiley & Sons, Ltd, _c1994 |
||
| 300 | _a246 | ||
| 520 | _aThe author presents the software development manager with directly applicable strategic techniques for planning. Preface, Grasping the snake, Planning Strategically, Planning for Risk Reduction, Planning for Quality Achievement, Establishing a Quality Culture, Planning for Quality Control, Planning Resources, The 14 Dilemmas of Software Engineering, A Worked Example, Exercises, Bibliography, Abbreviations, Index. | ||
| 700 | 1 |
_aOuld Martyn A _91533 |
|
| 942 | _cBK | ||
| 999 |
_c1147 _d1147 |
||